| 000 | 00798nam a2200193Ia 4500 | ||
|---|---|---|---|
| 003 | IN-BaIIA | ||
| 008 | 211028s9999 xx 000 0 eng d | ||
| 020 | _a0-7923-4598-3 | ||
| 040 | _cIIA Library | ||
| 080 |
_a52(082.1) _bASS-215 |
||
| 111 |
_aWorkshop on Infrared Space Interferometry-Astrophysics and the Study of Earth-Like Planets _cSpain _d1996 Mar. 11-14 _921435 |
||
| 245 | 0 |
_aInfrared space interferometry-astrophysics and the study of earth-like planets _bproceedings of the workshop held in Toledo, Spain, Mar 11-14, 1996 _cedited by C. Eiroa |
|
| 260 |
_aDordrecht _bKluwer Academic _c1997 |
||
| 300 | _axvi, 322p. | ||
| 490 | _aAstrophysics and space science library; v. 215 | ||
| 650 |
_aInterferometry _93249 |
||
| 700 |
_aEiroa, C., ed. _921436 |
||
| 942 | _cBK | ||
| 999 |
_c12257 _d12257 |
||